000 00702nam a22002297a 4500
003 OSt
005 20250822020118.0
008 250822b |||||||| |||| 00| 0 eng d
020 _a0-679-43463-1
040 _aDWC-Main Lib
_cOC
082 _aCirc. 641.5 R813d 1966
100 _aRosengarten, David
245 _aThe dean and deluca :
_bcookbook/
_cDavid Rosengarten [and two others]
260 _aNew York:
_bRandom House Inc.,
_cc1966.
300 _axi, 539 pages :
_billustrations ;
_c26cm.
504 _aIncludes index.
650 _a1. Cuisine International.
650 _a2. International Cooking
700 _aDean, Joel
700 _aDeluca, Giorgio
942 _2ddc
_cBK-CIRC
_kCirc.
_n0
999 _c4140
_d4140